Регионална библиотека "Любен Каравелов" - Русе

Ягодовата фея Ягодка (Запис номер 190302)

MARC детайли
000 -Лидер
Контролно поле с фиксирана дължина 01673nam a2200385 c 4500
003 - Код на организацията, давaща контролен номер
Контролно поле BLK
005 - Дата и час на последна редакция
Контролно поле 20250630142512.0
008 - Елементи от данни с фиксирана дължина
fixed length control field 180411b bul|||||r ||||||| ||bul||
010 ## - Наследен системен номер
LC control number KNG00199437000
020 ## - Международен стандартен номер на книга ISBN
Международен стандартен номер на книга ISBN 978-619-164-205-2
-- издат.: Enthusiast
040 ## - Източник на каталожния запис
Идентификатор на билиотеката - собственик на записа BLK
041 ## - Код за език
Код за езика на текст/звукозапис или на отделно заглавие Български
Код за езика КДБФ Български
072 #7 - Код за тематичната категория
Код организация bullib
Код за тематична категория Н85
Текст Детска художествена литература Н
080 ## - УДК
Текстов определител УДК Немска литература
УДК код - определител по УДК 821.112.2
УДК определител -93-34
УДК - код + определител 821.112.2-93-34
139 ## - Редно поле
Редна дума Дале, Щефани
Авторски знак Дак - Д 14
245 10 - Сведения за заглавието
Заглавие Ягодовата фея Ягодка
Подзаглавни данни Весел жабешки концерт и други истории
Редно поле (дума) авт. и худож. Щефани Дале; прев. от нем. Велислава Славеева Вълканова.
257 ## - Страна на издаване
Страна на създаване/издаване Германия
260 ## - Област на издателските данни
-- София
Име на издателя, разпространителя и проч. Enthusiast
Година на издаване 2016
Печатница София : ПК Д. Благоев
300 ## - Физическа характеристика
Страници 84 с.
Илюстрации и др. с цв. ил.
Размери/Мащаб 25 см
380 ## - Жанр
Жанр Детска худож. лит.
490 1# - СЕРИИ (Колекции)
Име на серия Children's Books
500 ## - Общи забележки
Забележка Ориг. загл. Erdbeerinchen Erdbeerfee. in lustiges Froschkonzert und andere Vorlesegeschichten / Stefanie Dahle.
653 ## - Ключова дума – ненормативна
Ключова дума приказки
653 ## - Ключова дума – ненормативна
Ключова дума литература за деца
653 ## - Ключова дума – ненормативна
Ключова дума детска литература
659 ## - Тематичен бюлетин
Тематичен бюлетин Н
700 1# - Други автори (авторска отговорност)
Лично име Дале, Щефани
Автороска отговорност (Описва отношението между автора и произведението) авт. и худож.
9 (RLIN) 334898
700 1# - Други автори (авторска отговорност)
Лично име Вълканова, Велислава Славеева
Автороска отговорност (Описва отношението между автора и произведението) прев. от нем.
9 (RLIN) 381655
852 ## - Местоположение
Форматна сигнатура Цб 271588
856 4# - Електронен адрес и достъп
Електронен формат pdf - файл
Път до файла /url/
856 4# - Електронен адрес и достъп
Електронен формат pdf - файл
Път до файла /url/
942 ## - АРТИКУЛИ
Вид на библиотечния материал Книги
Скрит в OPAC Не
Koha issues (borrowed), all copies 47
944 ## - СЪЗДАВАНЕ И РЕДАКЦИЯ на ЗАПИСА
Създаване/Редакция Създаване
Дата на регистрацията/редакция 27.01.2017
Статус, дата на статуса Иваничка Йорданова
Служител, извършил регистрацията/редакцията 30553
944 ## - СЪЗДАВАНЕ И РЕДАКЦИЯ на ЗАПИСА
Създаване/Редакция Редакция
Дата на регистрацията/редакция 10.02.2017
Статус, дата на статуса ф /
Служител, извършил регистрацията/редакцията Пенка_Димитрова
999 ## - СИСТЕМНИ КОНТРОЛНИ НОМЕРА
Koha biblionumber 190302
Koha biblioitemnumber 190302
Наличности
Код за отписване Код за изгубен артикул Код за повреда Коз за рестрикции Код за отдаване Артикулен № Име на библиотеката - собственик Име на библиотеката, в която се намира в момента Статус (Текущо местоположение) Дата на вписване в системата Местоположение - отдел Цена в лева Инвентарен номер Систематично азбучна сигнатура Баркод Номер на екземпляра Цена в евро Служебна бележка Служебен тип на артикула Източник на класификационната схема
  Не е изгубен Не е повреден без рестрикции заемане за дома 334824 Регионална библиотека "Любен Каравелов" Русе Регионална библиотека "Любен Каравелов" Русе Детски отдел 2017-01-27 Детски отдел 16.00 120000808080 ДХ 820/899/Д 14 120000808080 1 8.18 Дост: Pk Вид: Ф N: 481 Дата: 27.01.2017 Книги  
  Не е изгубен Не е повреден без рестрикции ползва се в читалня 334825 Регионална библиотека "Любен Каравелов" Русе Регионална библиотека "Любен Каравелов" Русе Хранилище 2017-02-10 Хранилище 16.00 120000808316 Цб 271588 120000808316 2 8.18 Дост: Dp Вид: Д N: 2 Дата: 05.01.2017 Книги  
  Не е изгубен Не е повреден без рестрикции заемане за дома 751385 Регионална библиотека "Любен Каравелов" Русе Регионална библиотека "Любен Каравелов" Русе Детски отдел 2019-12-09 Детски отдел 11.68   ДХ 820/899/Д 14 120000839626   5.97   Книги Universal Decimal Classification
  Не е изгубен Не е повреден без рестрикции заемане за дома 751386 Регионална библиотека "Любен Каравелов" Русе Регионална библиотека "Любен Каравелов" Русе Детски отдел 2019-12-09 Детски отдел 11.68   ДХ 820/899/Д 14 120000839624   5.97   Книги Universal Decimal Classification
  Не е изгубен Не е повреден без рестрикции заемане за дома 751387 Регионална библиотека "Любен Каравелов" Русе Регионална библиотека "Любен Каравелов" Русе Детски отдел 2019-12-09 Детски отдел 11.68   ДХ 820/899/Д 14 120000839625   5.97   Книги Universal Decimal Classification
Vip Innovations Ltd, Rousse, Bulgaria 2025